000 00518nam a2200145Ia 4500
008 230917s9999||||xx |||||||||||||| ||und||
040 _e196231
_aMAIN
041 _aEnglish
082 _a891.43301731 SL23:SO
100 _aसरस्वती, ओम आनन्द, सम्पा.
245 0 _aलक्ष्मीनारायण शर्मा ग्रन्थावली 5 भाग
260 _aरोहतक
_bशान्ति प्रकाशन
_c2010
300 _a2028 p.
942 _cHN
999 _c134122
_d134122